Normal view
MARC view
Entry Topical Term
001 - CONTROL NUMBER
- control field: 2931
003 - CONTROL NUMBER IDENTIFIER
- control field: OSt
005 - DATE AND TIME OF LATEST TRANSACTION
- control field: 20190302143239.0
008 - FIXED-LENGTH DATA ELEMENTS
- fixed length control field: 190302|| aca||aabn | a|a d
040 ## - CATALOGING SOURCE
- Original cataloging agency: OSt
- Transcribing agency: OSt
150 ## - HEADING--TOPICAL TERM
- Topical term or geographic name entry element: Banking- U.S.A. - New York
670 ## - SOURCE DATA FOUND
- Source citation: Work cat.: (OSt): Bodenhorn, Howard 2929, Finance and urbanization in early nineteenth-century New York, 2018
